000 00351nam a2200133Ia 4500
008 240624s9999 xx 000 0 und d
041 _aeng
082 _a823 MCC
100 _aMCCULLOUGH COLLEEN
245 _aINDEPENDENCE OF MISS MARY BENNET
260 _c2009
_aLondon
_bHarper Collins Publishers
300 _a467 : p. : cm. ; 17
365 _cRS
_b20
999 _c13624
_d13624